Zero Point (Vol.2) / (Record no. 614651)

000 -LEADER
fixed length control field 00289nam a22001217a 4500
040 ## - CATALOGING SOURCE
Transcribing agency 0
082 ## - DEWEY DECIMAL CLASSIFICATION NUMBER
Classification number 891.439301,JAV
245 ## - TITLE STATEMENT
Title Zero Point (Vol.2) /
Statement of responsibility, etc. Javid Chaudhary
260 ## - PUBLICATION, DISTRIBUTION, ETC.
Place of publication, distribution, etc. Lahore
Name of publisher, distributor, etc. Alim o Irfan Publisher
Date of publication, distribution, etc. 2009
300 ## - PHYSICAL DESCRIPTION
Extent 311 p
650 ## - SUBJECT ADDED ENTRY--TOPICAL TERM
Topical term or geographic name entry element Noval
9 (RLIN) 107828
942 ## - ADDED ENTRY ELEMENTS (KOHA)
Source of classification or shelving scheme
Koha item type Book
Holdings
Withdrawn status Lost status Source of classification or shelving scheme Damaged status Not for loan Permanent Location Current Location Shelving location Date acquired Total Checkouts Full call number Barcode Date last seen Date last checked out Price effective from Koha item type Public note
          Military College of Signals (MCS) Military College of Signals (MCS) General Stacks 09/08/2025 1 891.439301,JAV MCS37852 02/17/2026 09/08/2025 09/08/2025 Book Almirah No.66, Shelf No.3
© 2023 Central Library, National University of Sciences and Technology. All Rights Reserved.